000 00330nam a2200133Ia 4500
008 240624s9999 xx 000 0 und d
041 _aeng
082 _a658.3 SIL
100 _aSILZER ROB
245 _aSTRATEGY DRIVEN TALENT MANAGEMENT A LEAD
260 _c2009
_aSan Francisco
_bPfeiffer
300 _a928 : p.
365 _c
_b30
999 _c18030
_d18030